Textbook of Pharmacology, Pathology & Genetics for Nurses - II / (Record no. 1654)

MARC details
000 -LEADER
Fixed length control field 00632nam a2200241 4500
003 - CONTROL NUMBER IDENTIFIER
Control field IIN
005 - DATE AND TIME OF LATEST TRANSACTION
Control field 20250529124048.0
008 - FIXED-LENGTH DATA ELEMENTS--GENERAL INFORMATION
Fixed length control field 231217s9999 xx 000 0 und d
020 ## - INTERNATIONAL STANDARD BOOK NUMBER / ISBN
Price Rs.795.00
International Standard Book Number 9789354655692
040 ## - CATALOGING SOURCE
Original cataloging agency IIN
Language of cataloging English
082 ## - DEWEY DECIMAL CLASSIFICATION NUMBER
Classification number 615.1
Book Number SHA
100 1# - MAIN ENTRY--PERSONAL NAME
Personal name Sharma, Suresh
245 1# - TITLE STATEMENT
Title Textbook of Pharmacology, Pathology & Genetics for Nurses - II /
Statement of responsibility Suresh Sharma
250 ## - EDITION STATEMENT
Edition statement 2nd ed
260 ## - IMPRINT
Place of publication New Delhi :
Name of publisher Jaypee,
Date of publication 2023
300 ## - PHYSICAL DESCRIPTION
Page / Vol. No xxi, 494p.
440 ## - SERIES STATEMENT
Number Vol.2
500 ## - GENERAL NOTE
General note Includes Index
650 1# - SUBJECT ADDED ENTRY--TOPICAL TERM
Topical term Pharmacology
650 1# - SUBJECT ADDED ENTRY--TOPICAL TERM
Topical term Pathology
650 1# - SUBJECT ADDED ENTRY--TOPICAL TERM
Topical term Genetics
942 ## - ADDED ENTRY ELEMENTS (KOHA)
Koha item type Books
Holdings
Withdrawn status Lost status Source of classification Damaged status Not for loan Collection code Home library Current library Shelving location Date acquired Total Checkouts Call number Accession number Date last seen Copy number Price effective from Koha item type Price
    Dewey Decimal Classification     Purches Book IDEAL INSTITUTE OF NURSING IDEAL INSTITUTE OF NURSING General Stacks 17/12/2023   615.1 SHA 1404 06/02/2024 1 17/12/2023 Books  
    Dewey Decimal Classification     Purches Book IDEAL INSTITUTE OF NURSING IDEAL INSTITUTE OF NURSING General Stacks 17/12/2023   615.1 SHA 1405 06/02/2024 2 17/12/2023 Books  
    Dewey Decimal Classification     Purches Book IDEAL INSTITUTE OF NURSING IDEAL INSTITUTE OF NURSING General Stacks 17/12/2023   615.1 SHA 1406 06/02/2024 3 17/12/2023 Books  
    Dewey Decimal Classification     Purches Book IDEAL INSTITUTE OF NURSING IDEAL INSTITUTE OF NURSING General Stacks 11/03/2025   615.1 SHA 2086 29/05/2025 4 29/05/2025 Books 895.00
    Dewey Decimal Classification     Purches Book IDEAL INSTITUTE OF NURSING IDEAL INSTITUTE OF NURSING General Stacks 11/03/2025   615.1 SHA 2087 29/05/2025 5 29/05/2025 Books 895.00
    Dewey Decimal Classification     Purches Book IDEAL INSTITUTE OF NURSING IDEAL INSTITUTE OF NURSING General Stacks 11/03/2025   615.1 SHA 2088 29/05/2025 6 29/05/2025 Books 895.00
© Ideal Institute Of Nursing, All rights reserved.         Powered by Koha